[Event "Novy Urengoy Flaming Memorial"]
[Site "Novy Urengoy"]
[Date "2021.10.20"]
[Round "2"]
[White "Lavretzkij, Roman"]
[Black "Grachev, Alexey1111"]
[Result "0-1"]
[WhiteElo "2274"]
[BlackElo "2335"]
[PlyCount "82"]
[EventDate "2021.10.20"]
[EventType "tourn"]
[EventRounds "9"]
[EventCountry "RUS"]
[EventCategory "2"]
[SourceTitle "CBM 204 Extra"]
[Source "ChessBase"]
[SourceDate "2021.11.30"]
[SourceVersion "1"]
[SourceVersionDate "2021.11.30"]
[SourceQuality "1"]

1. Nf3 c5 2. c4 Nf6 3. d4 cxd4 4. Nxd4 Nc6 5. g3 d6 6. Bg2 Bd7 7. 0-0 g6 8. b3 Bg7 9. Bb2 0-0 10. Nc3 Nxd4 11. Qxd4 Bc6 12. Nd5 Bxd5 13. Bxd5 Nh5 14. Qd2 Bxb2 15. Qxb2 Qb6 16. Rfd1 Nf6 17. Bf3 Rfc8 18. Qd4 Qxd4 19. Rxd4 Rc7 20. h4 h5 21. Bg2 Rb8 22. Bh3 a5 23. Rad1 b5 24. cxb5 Rxb5 25. f3 d5 26. R1d2 e5 27. Ra4 d4 28. Kf2 Rc3 29. Bg2 Rbc5 30. b4 axb4 31. Rxb4 Nd5 32. Rb8+ Kg7 33. Bh3 Rc2 34. Rxc2 Rxc2 35. Rd8 Nc3 36. Bf1 Rxa2 37. f4 Nd1+ 38. Kf3 Ra3+ 39. Kg2 Ne3+ 40. Kf2 Ng4+ 41. Kg2 Ra1 0-1

[Event "Cheliabinsk Lozovatsky Memorial-A"]
[Site "Cheliabinsk"]
[Date "2021.01.23"]
[Round "10"]
[White "Egorov, Evgeni"]
[Black "Lavretzkij, Roman"]
[Result "1/2-1/2"]
[WhiteElo "2314"]
[BlackElo "2250"]
[PlyCount "68"]
[EventDate "2021.01.15"]
[EventType "swiss"]
[EventRounds "10"]
[EventCountry "RUS"]
[SourceTitle "CBM 200 Extra"]
[Source "ChessBase"]
[SourceDate "2021.03.31"]
[SourceVersion "1"]
[SourceVersionDate "2021.03.31"]
[SourceQuality "1"]

1. e4 c5 2. Nc3 Nc6 3. Nge2 g6 4. d4 cxd4 5. Nxd4 Bg7 6. Be3 Nf6 7. Bc4 0-0 8. Bb3 a5 9. a3 Ng4 10. Qxg4 Nxd4 11. Qh4 Nxb3 12. cxb3 Ra6 13. 0-0 Re6 14. Rad1 b6 15. Bd4 Bb7 16. Bxg7 Kxg7 17. Rd4 f5 18. Rfd1 d6 19. f3 fxe4 20. Nxe4 Bxe4 21. Rxe4 Rxe4 22. Qxe4 Rf5 23. b4 axb4 24. Qxb4 Qc7 25. Qd4+ Kg8 26. Re1 Rc5 27. Qe3 e5 28. f4 Qc6 29. Re2 exf4 30. Qe6+ Kg7 31. Qe7+ Kg8 32. Qe6+ Kg7 33. Qe7+ Kg8 34. Qd8+ Kg7 1/2-1/2

[Event "Cheliabinsk Lozovatsky Memorial-A"]
[Site "Cheliabinsk"]
[Date "2021.01.19"]
[Round "6"]
[White "Girya, Olga"]
[Black "Lavretzkij, Roman"]
[Result "1/2-1/2"]
[WhiteElo "2443"]
[BlackElo "2250"]
[PlyCount "103"]
[EventDate "2021.01.15"]
[EventType "swiss"]
[EventRounds "10"]
[EventCountry "RUS"]
[SourceTitle "CBM 200 Extra"]
[Source "ChessBase"]
[SourceDate "2021.03.31"]
[SourceVersion "1"]
[SourceVersionDate "2021.03.31"]
[SourceQuality "1"]

1. d4 Nf6 2. c4 e6 3. Nf3 Bb4+ 4. Bd2 a5 5. a3 Be7 6. Nc3 d5 7. Bf4 0-0 8. e3 c5 9. dxc5 Bxc5 10. cxd5 exd5 11. Rc1 Nc6 12. Be2 Bb6 13. 0-0 Be6 14. Na4 Ba7 15. Nc5 Qe7 16. Nxe6 fxe6 17. Bb5 Rfc8 18. Bxc6 bxc6 19. Qa4 Qb7 20. Nd4 Bxd4 21. exd4 Qb5 22. Qc2 Re8 23. Rfe1 Rac8 24. b3 Qb6 25. Qd3 c5 26. dxc5 Rxc5 27. Be3 Rxc1 28. Rxc1 Qd6 29. Bc5 Qb8 30. b4 axb4 31. Bxb4 Rc8 32. Rxc8+ Qxc8 33. Qc3 Qd7 34. Qc5 Kf7 35. f3 Kg6 36. Bc3 Qa4 37. h3 Qf4 38. Bd4 e5 39. Qc2+ e4 40. a4 Kf7 41. Bxf6 gxf6 42. fxe4 dxe4 43. Qc4+ Ke7 44. a5 Qd2 45. a6 e3 46. Qe4+ Kf7 47. Qc4+ Kg7 48. Qc7+ Kg6 49. a7 e2 50. a8Q e1Q+ 51. Kh2 Qe6 52. Qab8 1/2-1/2

[Event "Pushchino Prodigies Cup"]
[Site "Pushchino"]
[Date "2017.02.14"]
[Round "5"]
[White "Nesterov, Arseniy"]
[Black "Lavretzkij, Roman"]
[Result "1/2-1/2"]
[WhiteElo "2302"]
[BlackElo "2264"]
[PlyCount "66"]
[EventDate "2017.02.10"]
[EventType "tourn"]
[EventRounds "9"]
[EventCountry "RUS"]
[SourceTitle "CBM 177 Extra"]
[Source "ChessBase"]
[SourceDate "2017.04.27"]
[SourceVersion "1"]
[SourceVersionDate "2017.04.27"]
[SourceQuality "1"]

1. d4 Nf6 2. c4 e6 3. Nc3 Bb4 4. e3 b6 5. Bd3 Bb7 6. Nge2 d5 7. 0-0 0-0 8. cxd5 exd5 9. Ng3 Re8 10. Bd2 Bf8 11. Rc1 g6 12. Nce2 c5 13. dxc5 bxc5 14. Bc3 Nbd7 15. Bb5 Re6 16. Nf4 Rd6 17. b4 Rc8 18. bxc5 Rxc5 19. Bd3 Rdc6 20. Nge2 Qc7 21. Bb2 Bg7 22. Nd4 Rxc1 23. Bxc1 Rb6 24. Qc2 Qxc2 25. Bxc2 Ne5 26. Rd1 Ne4 27. Nde2 Rb5 28. f3 Nf6 29. Bb3 g5 30. Nc3 Rxb3 31. axb3 gxf4 32. exf4 Ned7 33. Be3 a6 1/2-1/2

[Event "Pushchino Prodigies Cup"]
[Site "Pushchino"]
[Date "2017.02.12"]
[Round "3"]
[White "Murzin, Volodar"]
[Black "Lavretzkij, Roman"]
[Result "1/2-1/2"]
[WhiteElo "2079"]
[BlackElo "2264"]
[PlyCount "68"]
[EventDate "2017.02.10"]
[EventType "tourn"]
[EventRounds "9"]
[EventCountry "RUS"]
[SourceTitle "CBM 177 Extra"]
[Source "ChessBase"]
[SourceDate "2017.04.27"]
[SourceVersion "1"]
[SourceVersionDate "2017.04.27"]
[SourceQuality "1"]

1. e4 c5 2. Nf3 Nc6 3. d4 cxd4 4. Nxd4 g6 5. c4 Nf6 6. Nc3 d6 7. Be2 Nxd4 8. Qxd4 Bg7 9. Be3 0-0 10. Qd2 Be6 11. Rc1 Qa5 12. f3 Rfc8 13. b3 a6 14. Na4 Qxd2+ 15. Kxd2 Nd7 16. g4 Rab8 17. Nc3 a5 18. Nd5 Bxd5 19. cxd5 Bb2 20. Rxc8+ Rxc8 21. Bd3 Ne5 22. Ke2 Ba3 23. Bb1 f6 24. h3 g5 25. h4 h6 26. h5 Kf8 27. Bd3 Kf7 28. Bd2 Bb4 29. Rc1 Rxc1 30. Bxc1 Bc3 31. Be3 Kf8 32. Bb5 Kf7 33. Bb6 Kf8 34. Be3 Kf7 1/2-1/2

[Event "Moscow Kolomenskaya op"]
[Site "Moscow"]
[Date "2015.10.19"]
[Round "6"]
[White "Bykov, Oleg1111"]
[Black "Lavretzkij, Roman"]
[Result "1-0"]
[WhiteElo "2232"]
[BlackElo "2267"]
[PlyCount "157"]
[EventDate "2015.10.16"]
[EventType "swiss"]
[EventRounds "9"]
[EventCountry "RUS"]
[SourceTitle "CBM 169 Extra"]
[Source "ChessBase"]
[SourceDate "2015.12.18"]
[SourceVersion "1"]
[SourceVersionDate "2015.12.18"]
[SourceQuality "1"]

1. d4 d5 2. c4 c6 3. Nf3 Nf6 4. Nc3 a6 5. e3 b5 6. b3 Bg4 7. Be2 e6 8. 0-0 Nbd7 9. Bb2 Bb4 10. Ne5 Bxe2 11. Nxe2 Rc8 12. Rc1 Nxe5 13. dxe5 Nd7 14. Nf4 0-0 15. Qg4 Qe7 16. Rfd1 g6 17. Rc2 dxc4 18. bxc4 Nb6 19. Nh5 Rfd8 20. Nf6+ Kg7 21. Rd6 bxc4 22. Qh4 Rh8 23. e4 h6 24. h3 Rc7 25. f4 Kf8 26. Qf2 Nc8 27. Rxc4 Nxd6 28. exd6 Bxd6 29. Qd4 Qd8 30. Nd7+ Ke7 31. Nb6 Rg8 32. e5 Bb4 33. Rxb4 c5 34. Qxd8+ Rxd8 35. Rc4 Rb8 36. Na4 Rb4 37. Rxb4 cxb4 38. Bd4 Rc1+ 39. Kh2 Rc2 40. Bc5+ Kd7 41. Bxb4 Rxa2 42. Nc3 Rb2 43. Ba5 Kc6 44. Ne4 Rb5 45. Bc3 Rb3 46. Bd2 Kd5 47. Nf6+ Kd4 48. Ng4 h5 49. Nh6 Kd3 50. Ba5 Rb5 51. Bc7 a5 52. Bd6 Rb7 53. g4 h4 54. f5 Ke3 55. Kg2 Rb2+ 56. Kg1 Rb1+ 57. Kg2 Rb2+ 58. Kg1 Rb1+ 59. Kg2 Rb7 60. fxg6 fxg6 61. Ng8 a4 62. Ne7 g5 63. Nc6 Rb2+ 64. Kg1 Ke4 65. Nd8 Kd5 66. Nf7 Rb3 67. Nxg5 a3 68. Bxa3 Rxa3 69. Kg2 Kxe5 70. Nf3+ Kf4 71. Nxh4 Ra2+ 72. Kf1 Kg3 73. Ng6 Ra4 74. Ke2 Kxh3 75. Kf3 Kh2 76. g5 Ra1 77. Nf4 Rf1+ 78. Kg4 e5 79. Nd5 1-0

[Event "Moscow Kolomenskaya op"]
[Site "Moscow"]
[Date "2015.10.17"]
[Round "2"]
[White "Simantsev, Mikhail"]
[Black "Lavretzkij, Roman"]
[Result "1/2-1/2"]
[WhiteElo "2457"]
[BlackElo "2267"]
[PlyCount "66"]
[EventDate "2015.10.16"]
[EventType "swiss"]
[EventRounds "9"]
[EventCountry "RUS"]
[SourceTitle "CBM 169 Extra"]
[Source "ChessBase"]
[SourceDate "2015.12.18"]
[SourceVersion "1"]
[SourceVersionDate "2015.12.18"]
[SourceQuality "1"]

1. d4 Nf6 2. c4 e6 3. Nf3 Bb4+ 4. Nbd2 0-0 5. a3 Be7 6. e3 d5 7. Qc2 b6 8. Bd3 Bb7 9. 0-0 c5 10. dxc5 bxc5 11. b3 Nbd7 12. Bb2 h6 13. cxd5 exd5 14. Nh4 Re8 15. Nf5 Bf8 16. Rfd1 Qb6 17. Rab1 Ne5 18. Be2 Rac8 19. Nf3 Ned7 20. Ng3 Ba8 21. Ba1 Qe6 22. Bb5 Bc6 23. Bd3 Ne4 24. Bxe4 dxe4 25. Nd2 Nb6 26. Nc4 Nxc4 27. bxc4 Rcd8 28. Nh5 Qf5 29. Nf4 Qc8 30. Qc3 Rxd1+ 31. Rxd1 Rd8 32. Nd5 Qe6 33. Qb3 Kh8 1/2-1/2

[Event "Kolomna op-A"]
[Site "Kolomna"]
[Date "2012.09.28"]
[Round "3"]
[White "Lavretzkij, Roman"]
[Black "Moiseenko, Ilya"]
[Result "1/2-1/2"]
[WhiteElo "2251"]
[BlackElo "2244"]
[PlyCount "95"]
[EventDate "2012.09.27"]
[EventType "swiss"]
[EventRounds "9"]
[EventCountry "RUS"]
[SourceTitle "EXT 2013"]
[Source "ChessBase"]
[SourceDate "2012.11.22"]
[SourceVersion "1"]
[SourceVersionDate "2012.11.22"]
[SourceQuality "1"]

1. d4 d5 2. c4 e6 3. Nc3 Nf6 4. cxd5 exd5 5. Bg5 Be7 6. e3 c6 7. Bd3 0-0 8. h3 Re8 9. Qc2 h6 10. Bf4 c5 11. Nf3 Nc6 12. 0-0 Nb4 13. Qd1 Nxd3 14. Qxd3 c4 15. Qc2 Bd7 16. b3 b5 17. Ne5 b4 18. Nxd7 Qxd7 19. Na4 c3 20. a3 Qb5 21. axb4 Bxb4 22. Rfd1 Rac8 23. Rd3 Nh5 24. Be5 Qc6 25. Rc1 Qg6 26. Qd1 Re6 27. Rc2 Rec6 28. Qe2 Nf6 29. Bxf6 Qxf6 30. Qg4 Qd6 31. Rd1 g6 32. Qf3 Qe6 33. Ra1 a5 34. Rd1 Kg7 35. Qg4 Qd6 36. Qf3 Qe6 37. Qg4 Qd6 38. Qf3 h5 39. h4 Qe6 40. g3 f5 41. Rdc1 Kf7 42. Qe2 R6c7 43. Qd3 Qe4 44. Qe2 Kg7 45. f3 Qe6 46. Kf2 Qc6 47. Qd3 Kh7 48. Kg2 1/2-1/2

[Event "Kolomna op-A"]
[Site "Kolomna"]
[Date "2012.09.27"]
[Round "1"]
[White "Lavretzkij, Roman"]
[Black "Dmitrenko, Viktor"]
[Result "1/2-1/2"]
[WhiteElo "2251"]
[BlackElo "2372"]
[PlyCount "62"]
[EventDate "2012.09.27"]
[EventType "swiss"]
[EventRounds "9"]
[EventCountry "RUS"]
[SourceTitle "EXT 2013"]
[Source "ChessBase"]
[SourceDate "2012.11.22"]
[SourceVersion "1"]
[SourceVersionDate "2012.11.22"]
[SourceQuality "1"]

1. d4 d5 2. c4 e6 3. Nc3 Nf6 4. cxd5 Nxd5 5. Nf3 c5 6. e4 Nxc3 7. bxc3 cxd4 8. cxd4 Bb4+ 9. Bd2 Bxd2+ 10. Qxd2 0-0 11. Be2 b6 12. 0-0 Bb7 13. Qe3 Nd7 14. Rfc1 Rc8 15. Rxc8 Qxc8 16. Rc1 Qb8 17. Nd2 Rc8 18. Rc3 Rxc3 19. Qxc3 Qc8 20. Qxc8+ Bxc8 21. f3 Kf8 22. Kf2 Ke7 23. Ke3 Bb7 24. Bf1 Nb8 25. Be2 f6 26. Bf1 Ba6 27. Bxa6 Nxa6 28. a3 Nb8 29. Kd3 Kd6 30. Kc4 a6 31. Nb3 Nd7 1/2-1/2

[Event "Dvorkovich Memorial op 6th"]
[Site "Taganrog"]
[Date "2011.08.07"]
[Round "7"]
[White "Lavretzkij, Roman"]
[Black "Rakhmangulov, Andrei"]
[Result "1/2-1/2"]
[WhiteElo "2272"]
[BlackElo "2399"]
[PlyCount "27"]
[EventDate "2011.08.01"]
[EventType "swiss"]
[EventRounds "9"]
[EventCountry "RUS"]
[SourceTitle "CBM 144 Extra"]
[Source "ChessBase"]
[SourceDate "2011.10.28"]
[SourceVersion "1"]
[SourceVersionDate "2011.10.28"]
[SourceQuality "1"]

1. e4 d6 2. d4 Nf6 3. Nc3 g6 4. Bg5 Bg7 5. Qd2 h6 6. Be3 c6 7. h3 b5 8. e5 b4 9. exf6 bxc3 10. Qxc3 Bxf6 11. Nf3 Qb6 12. Bc4 a5 13. Qb3 Qxb3 14. axb3 1/2-1/2

[Event "Dvorkovich Memorial op 6th"]
[Site "Taganrog"]
[Date "2011.08.03"]
[Round "3"]
[White "Kostrikina, Anna"]
[Black "Lavretzkij, Roman"]
[Result "0-1"]
[WhiteElo "2079"]
[BlackElo "2272"]
[PlyCount "74"]
[EventDate "2011.08.01"]
[EventType "swiss"]
[EventRounds "9"]
[EventCountry "RUS"]
[SourceTitle "CBM 144 Extra"]
[Source "ChessBase"]
[SourceDate "2011.10.28"]
[SourceVersion "1"]
[SourceVersionDate "2011.10.28"]
[SourceQuality "1"]

1. e4 g6 2. d4 Bg7 3. Nc3 d6 4. Be3 c6 5. h3 Nd7 6. Nf3 b5 7. Qd2 Nb6 8. b3 Nf6 9. Bd3 0-0 10. 0-0 Bb7 11. Rfe1 Re8 12. Rad1 e5 13. dxe5 dxe5 14. a4 a6 15. Qe2 Nbd7 16. Nd2 Qe7 17. f3 Nc5 18. Ndb1 Rad8 19. Qf1 Nh5 20. Be2 Ne6 21. axb5 axb5 22. Rxd8 Rxd8 23. Rd1 Nd4 24. Bd3 Nf4 25. Kh1 Bc8 26. Bxf4 exf4 27. Ne2 Qh4 28. Nd2 Be6 29. Qe1 Qxe1+ 30. Rxe1 Nxc2 31. Bxc2 Rxd2 32. Bd1 Be5 33. Kg1 g5 34. Kf1 c5 35. Nc1 Bd4 36. Be2 b4 37. Rd1 Rb2 0-1

[Event "Shepsi"]
[Site "Shepsi"]
[Date "2011.08.??"]
[Round "4"]
[White "Krylov, Ivan"]
[Black "Lavretzkij, Roman"]
[Result "1/2-1/2"]
[WhiteElo "2131"]
[BlackElo "2272"]
[PlyCount "31"]
[EventDate "2011.08.??"]
[EventType "tourn"]
[EventRounds "9"]
[EventCountry "RUS"]
[SourceTitle "EXT 2012"]
[Source "ChessBase"]
[SourceDate "2011.11.24"]
[SourceVersion "1"]
[SourceVersionDate "2011.11.24"]
[SourceQuality "1"]

1. d4 d5 2. c4 c6 3. cxd5 cxd5 4. Nf3 Nf6 5. Bf4 Nc6 6. Nc3 a6 7. e3 Bg4 8. Bd3 e6 9. Rc1 Be7 10. h3 Bh5 11. 0-0 0-0 12. Be2 Rc8 13. Ne5 Bxe2 14. Nxc6 Rxc6 15. Nxe2 Rxc1 16. Qxc1 1/2-1/2

[Event "Shepsi"]
[Site "Shepsi"]
[Date "2011.08.??"]
[Round "1"]
[White "Lavretzkij, Roman"]
[Black "Tsyhanchuk, Stanislav"]
[Result "1/2-1/2"]
[WhiteElo "2272"]
[BlackElo "2295"]
[PlyCount "62"]
[EventDate "2011.08.??"]
[EventType "tourn"]
[EventRounds "9"]
[EventCountry "RUS"]
[SourceTitle "EXT 2012"]
[Source "ChessBase"]
[SourceDate "2011.11.24"]
[SourceVersion "1"]
[SourceVersionDate "2011.11.24"]
[SourceQuality "1"]

1. e4 e5 2. Nf3 Nc6 3. Bc4 Nf6 4. d3 h6 5. Nc3 d6 6. a4 g6 7. a5 Bg7 8. h3 Be6 9. Be3 d5 10. exd5 Nxd5 11. Nxd5 Bxd5 12. a6 b6 13. Bb5 0-0 14. c4 Bxf3 15. Qxf3 Nb4 16. 0-0 c5 17. Rad1 f5 18. Bd2 Nxd3 19. Bxh6 e4 20. Qe3 Bxh6 21. Qxh6 Rf6 22. Ba4 Qc8 23. f3 Qxa6 24. fxe4 Qxc4 25. Rxd3 Qxd3 26. Rd1 Qxe4 27. Rd7 Qe1+ 28. Kh2 Qe5+ 29. Kh1 Rf7 30. Bb3 Qe1+ 31. Kh2 Qe5+ 1/2-1/2

[Event "Orsha"]
[Site "Orsha"]
[Date "2011.02.??"]
[Round "3"]
[White "Bulanov, Dmitri"]
[Black "Lavretzkij, Roman"]
[Result "1/2-1/2"]
[WhiteElo "2358"]
[BlackElo "2268"]
[PlyCount "33"]
[EventDate "2011.02.??"]
[EventType "tourn"]
[EventRounds "9"]
[EventCountry "BLR"]
[EventCategory "2"]
[SourceTitle "CBM 140 Extra"]
[Source "ChessBase"]
[SourceDate "2011.03.01"]
[SourceVersion "1"]
[SourceVersionDate "2011.03.01"]
[SourceQuality "1"]

1. e4 c5 2. Nf3 Nc6 3. d4 cxd4 4. Nxd4 g6 5. Nc3 Bg7 6. Be3 Nf6 7. Nxc6 bxc6 8. e5 Nd5 9. Nxd5 cxd5 10. Qxd5 Rb8 11. Bc4 0-0 12. 0-0 Qc7 13. Qc5 Qxe5 14. Qxe5 Bxe5 15. Bxa7 Rxb2 16. Bb3 d6 17. Rab1 1/2-1/2